01425nam a2200349 a 4500001001000000003000500010005001700015008004100032010001100073011001100084040000900095090001000104100004800114245012600162260004100288500006000329502008300389590004100472590003900513590003900552650003100591650002200622650004100644650003500685856007000720901000700790942001000797942000600807999001900813952011900832952012400951000109595CHAP20220329144056.0140513s2014 mx a |sm |||||||spa|d a106057 a107029 cCHAP aTesis1 aRamírez Flores, María de Lourdes99399510aResistencia eco-socio-cultural en el Istmo de Tehuantepec, Oaxacah[En línea]cpor María de Lourdes Ramírez Flores. aChapingo, Méx. :bEl autor,c2014. aPara ver el contenido del material haga clic en la liga aTesis (Ph.D. en Ciencias Agrarias) -- UACH. Departamento de Sociología Rural aBATCH-UPDb05c20141002lUCH01h0903 aE792CSJb05c20140513lUCH01h1030 aE792CSJb05c20140513lUCH01h103014aEnergía eólica.93690314aIdentidad.95729014aMovimientos socialesxOaxaca.97917614aTehuantepec, Istmo de.9111998 aFinding aiduhttp://10.13.5.2/tesis/sist109595.pdfzTeclea aquí aBK cTESIS n0 c106057d106057 00102local40718TESISaBCbBCd2014-05-13fTESISl0oTesisp33724002405058r2019-12-31 00:00:00w2014-05-13yCD 00102local40718TESISaBCbBCd2014-05-13fTESISl0oTesisp33724002405090r2019-12-31 00:00:00tc.2w2014-05-13yCD